000 00234nam a2200109Ia 4500
008 190216s9999||||xx |||||||||||||| ||und||
100 _aAgtha Christy
245 0 _aNor Me
260 _bBerkley Books
650 _aEnglish
942 _cBK
999 _c13301
_d13301